000 00510nam a2200169Ia 4500
003 STCL
008 181203s9999 xx 000 0 und d
040 _aSTCL
_bEN
_cSTCL
082 _222
100 _aHenry, A.N.; Chithra, V.; Balakrishnan, N.P.
245 0 _aFlora of Tamil Nadu, India: Series I: Analysis: Volume 3
246 _aFlora of Tamil Nadu, India: Series 1: Analysis: Volume 3
260 _bBotanical Survey of India
_aCoimbatore
_c1989
300 _a171
546 _aEnglish
942 _2ddc
_cBK
999 _c84817
_d84817